000 00520nam a2200169 i 4500
001 27554
003 ES-MaACL
005 20230906153638.0
007 t|
008 030115s1923 sp ||||1| spa d
100 1 _aAraquistáin, Luis,
_d1886-1959
_922345
245 1 3 _aEl archipiélago maravilloso
_b: aventuras fantasmagóricas /
_cLuis Araquistáin.
260 _aMadrid :
_b[s.n.,
_c1923] (
_fG. Hernández y Galo Sèz)
300 _a267 p. ;
_c19 cm.
852 _aES-MaACL
_jF-12555
999 _c27554
_d27554